000 00369nam a2200109Ia 4500
008 260427s2026 xx 000 0 und d
041 _ahin
100 _aगो. वि. कुलकर्णी
245 _aबेपा भटाची काशाणी
260 _bअभिनंदन प्रकाशन, कोल्हापूर
300 _aSoft/P-308
999 _c1221098
_d1221098